Yunas Reise zum Ich (Titelsatznr. 1536)

[ MARC ]
MARC-Details
000 -LEADER
fixed length control field 02426nam a2200577 c 4500
001 - CONTROL NUMBER
control field 1947602055
003 - CONTROL NUMBER IDENTIFIER
control field DE-627
005 - DATE AND TIME OF LATEST TRANSACTION
control field 20260324162518.0
007 - PHYSICAL DESCRIPTION FIXED FIELD--GENERAL INFORMATION
fixed length control field cr uuu---uuuuu
008 - FIXED-LENGTH DATA ELEMENTS--GENERAL INFORMATION
fixed length control field 251226s2021 gw |||||o 00| ||ger c
020 ## - INTERNATIONAL STANDARD BOOK NUMBER
International Standard Book Number 9783646722215
Terms of availability EPUB
024 7# - OTHER STANDARD IDENTIFIER
Standard number or code urn:nbn:de:gbv:18-epflicht-290462
Source of number or code urn
035 ## - SYSTEM CONTROL NUMBER
System control number (DE-627)1947602055
035 ## - SYSTEM CONTROL NUMBER
System control number (DE-599)KEP122301749
035 ## - SYSTEM CONTROL NUMBER
System control number (EPFHH-CARLSEN)9783646722215_9783646722215
035 ## - SYSTEM CONTROL NUMBER
System control number (EPFHH)0ea17cd9-33b4-4172-88c9-5aa5e40f0b56
035 ## - SYSTEM CONTROL NUMBER
System control number (DE-627-1)122301749
040 ## - CATALOGING SOURCE
Original cataloging agency DE-627
Language of cataloging ger
Transcribing agency DE-627
Description conventions rda
041 ## - LANGUAGE CODE
Language code of text/sound track or separate title ger
Language code of original jpn
044 ## - COUNTRY OF PUBLISHING/PRODUCING ENTITY CODE
ISO country code XA-DE-HH
072 #7 - SUBJECT CATEGORY CODE
Subject category code 9182
Source wsb
082 04 - DEWEY DECIMAL CLASSIFICATION NUMBER
Classification number 741.5
Assigning agency DE-576
245 00 - TITLE STATEMENT
Title Yunas Reise zum Ich
Remainder of title My Sex Change Experience | Autobiografischer Manga mit Transgender-Thematik
Statement of responsibility, etc. Yuna Hirasawa, Martin Bachernegg
250 ## - EDITION STATEMENT
Edition statement 1. Auflage
264 #1 - PRODUCTION, PUBLICATION, DISTRIBUTION, MANUFACTURE, AND COPYRIGHT NOTICE
Place of production, publication, distribution, manufacture Hamburg
Name of producer, publisher, distributor, manufacturer Carlsen Manga
Date of production, publication, distribution, manufacture, or copyright notice 2021
300 ## - PHYSICAL DESCRIPTION
Extent 1 Online-Ressource (160 S.)
336 ## - CONTENT TYPE
Content type term Text
Content type code txt
Source rdacontent
337 ## - MEDIA TYPE
Media type term Computermedien
Media type code c
Source rdamedia
338 ## - CARRIER TYPE
Carrier type term Online-Ressource
Carrier type code cr
Source rdacarrier
520 ## - SUMMARY, ETC.
Summary, etc. »Werde ich es schaffen, mich selbst lieben zu lernen?« Autorin Yuna Hirasawa unternimmt eine Reise nach Thailand, um sich dort ihren Wunsch zu erfüllen! Denn in Thailand lässt sie ihren Körper dem einer Frau anpassen, damit ihr äußeres Ich endlich ihrem inneren entspricht. Mit dem Einzelband »Yunas Reise zum Ich« will sie ihren Trans-Lesern Ängste nehmen und bei ihren Cis-Lesern Verständnis wecken. Begleite Yuna auf ihrer Reise zu ihrem wahren Ich!
583 1# - ACTION NOTE
Action Archivierung/Langzeitarchivierung gewährleistet
Authorization PEHH
Action agent DE-576
Source of term pdager
Institution to which field applies DE-18
650 #4 - SUBJECT ADDED ENTRY--TOPICAL TERM
Topical term or geographic name entry element Gender
650 #4 - SUBJECT ADDED ENTRY--TOPICAL TERM
Topical term or geographic name entry element Gendersensibilität
650 #4 - SUBJECT ADDED ENTRY--TOPICAL TERM
Topical term or geographic name entry element geschlechtsdysphorie
650 #4 - SUBJECT ADDED ENTRY--TOPICAL TERM
Topical term or geographic name entry element Geschlechtsumwandlung
650 #4 - SUBJECT ADDED ENTRY--TOPICAL TERM
Topical term or geographic name entry element Geschlechtsanpassung
650 #4 - SUBJECT ADDED ENTRY--TOPICAL TERM
Topical term or geographic name entry element Selbstfindung Buch
650 #4 - SUBJECT ADDED ENTRY--TOPICAL TERM
Topical term or geographic name entry element Im falschen Körper geboren
650 #4 - SUBJECT ADDED ENTRY--TOPICAL TERM
Topical term or geographic name entry element LGBTQ+
650 #4 - SUBJECT ADDED ENTRY--TOPICAL TERM
Topical term or geographic name entry element LGBT
650 #4 - SUBJECT ADDED ENTRY--TOPICAL TERM
Topical term or geographic name entry element Autobiografie
650 #4 - SUBJECT ADDED ENTRY--TOPICAL TERM
Topical term or geographic name entry element Boku ga Watashi ni Naru Tame ni
650 #4 - SUBJECT ADDED ENTRY--TOPICAL TERM
Topical term or geographic name entry element japanische Leserichtung
951 ## - EQUIVALENCE OR CROSS-REFERENCE--GEOGRAPHIC NAME/AREA NAME [OBSOLETE] [CAN/MARC only]
Geographic name BO
700 1# - ADDED ENTRY--PERSONAL NAME
Personal name Hirasawa, Yuna
Relator term VerfasserIn
Relationship aut
700 1# - ADDED ENTRY--PERSONAL NAME
Personal name Bachernegg, Martin
Relator term ÜbersetzerIn
Relationship trl
776 1# - ADDITIONAL PHYSICAL FORM ENTRY
International Standard Book Number 9783551746566
776 08 - ADDITIONAL PHYSICAL FORM ENTRY
Relationship information Erscheint auch als
Note Druck-Ausgabe
International Standard Book Number 9783551746566
856 40 - ELECTRONIC LOCATION AND ACCESS
Uniform Resource Identifier <a href="https://nbn-resolving.org/urn:nbn:de:gbv:18-epflicht-290462">https://nbn-resolving.org/urn:nbn:de:gbv:18-epflicht-290462</a>
Contact for access assistance X:EPF
Public note lizenzpflichtig
Access status 1
942 ## - ADDED ENTRY ELEMENTS (KOHA)
Source of classification or shelving scheme Dewey Decimal Classification
Koha item type Manga
Suppress in OPAC No
Exemplare
Withdrawn status Lost status Source of classification or shelving scheme Damaged status Not for loan Home library Current library Shelving location Date acquired Total checkouts Barcode Date last seen Price effective from Koha item type
    Dewey Decimal Classification     Bunte Manga Potsdam Bunte Manga Potsdam Special 03/24/2026   1516 03/24/2026 03/24/2026 Manga

Powered by Koha